000
00334nam a2200133Ia 4500
008
100328s9999 xx 000 0 und d
082
_b
58134
100
_a
पानवलकर श्री.दा.
245
_a
कांचन
260
_b
मौज
630
_a
कांचन
730
_a
कांचन
942
_c
BOOK
999
_c
544498
_d
544495